000
00285nam a22001217a 4500
008
171214b xxu||||| |||| 00| 0 eng d
041
_a
eng
080
_2
10TH
_a
611
100
_a
6
101
_a
ANA
245
_a
STRUCTURE&FUNCTION OF THE BODY
_c
SWISHER,L
942
_2
udc
_c
BK
999
_c
38913
_d
38913